[Event "Schwaben-chB"]
[Site "Germany"]
[Date "2009.02.26"]
[Round "3"]
[White "Jussupow, Alexander"]
[Black "Billing, Alexander"]
[Result "1-0"]
[WhiteElo "2072"]
[BlackElo "1888"]
[PlyCount "79"]
[EventDate "2009.02.25"]
[EventType "swiss"]
[EventRounds "7"]
[EventCountry "GER"]
[SourceTitle "EXT 2012"]
[Source "ChessBase"]
[SourceDate "2011.11.24"]
[SourceVersion "1"]
[SourceVersionDate "2011.11.24"]
[SourceQuality "1"]

1. d4 e6 2. Nf3 d5 3. e3 Nf6 4. Bd3 Bd6 5. Nbd2 0-0 6. 0-0 Nbd7 7. c4 c6 8. e4 dxe4 9. Nxe4 Nxe4 10. Bxe4 Qc7 11. Bc2 e5 12. c5 Be7 13. Nxe5 Nxe5 14. Bf4 Bf6 15. dxe5 Bxe5 16. Bxh7+ Kxh7 17. Qh5+ Kg8 18. Bxe5 Qd7 19. Bd6 Rd8 20. Qh4 b6 21. Rfe1 Re8 22. f3 Ba6 23. Be5 Qd5 24. Qg3 Qxc5+ 25. Kh1 Qf8 26. Re4 f6 27. Bd6 Qf7 28. Rh4 Qd7 29. h3 Re2 30. Rh5 Rae8 31. Qh4 Kf7 32. Rd1 Qe6 33. Rh7 Qf5 34. Bb4 c5 35. Bc3 Bd3 36. Rxd3 Re1+ 37. Bxe1 Qxd3 38. Bc3 Qd1+ 39. Kh2 Qd6+ 40. Qg3 1-0

[Event "Regionalliga SW 0809"]
[Site "Bayern"]
[Date "2008.10.05"]
[Round "1.7"]
[White "Billing, Alexander"]
[Black "Koch, Enrico"]
[Result "1-0"]
[WhiteElo "1861"]
[BlackElo "2011"]
[PlyCount "43"]
[EventDate "2008.10.05"]
[EventType "team-tourn"]
[EventRounds "9"]
[EventCountry "GER"]
[SourceTitle "EXT 2020"]
[Source "ChessBase"]
[SourceDate "2019.10.17"]
[SourceVersion "1"]
[SourceVersionDate "2019.10.17"]
[SourceQuality "1"]
[WhiteTeam "Klosterlechfeld"]
[BlackTeam "Muenchen Tarrasch II"]
[WhiteTeamCountry "GER"]
[BlackTeamCountry "GER"]

1. e4 c5 2. Nc3 e6 3. g3 Nc6 4. Bg2 Nf6 5. d3 Be7 6. f4 d5 7. e5 Nd7 8. Nf3 Qb6 9. 0-0 h5 10. h4 f6 11. Re1 fxe5 12. fxe5 d4 13. Nb1 Qc7 14. Qe2 Nf8 15. Na3 a6 16. Bg5 Bd7 17. Nc4 b5 18. Bxe7 Kxe7 19. Nd6 Ng6 20. Qd2 Rh6 21. Re2 Rf8 22. Qg5+ 1-0

[Event "GER-ch U25 op"]
[Site "Willingen"]
[Date "2008.05.15"]
[Round "7"]
[White "Carow, Annelen"]
[Black "Billing, Alexander"]
[Result "1/2-1/2"]
[WhiteElo "1542"]
[BlackElo "1875"]
[PlyCount "60"]
[EventDate "2008.05.11"]
[EventType "swiss"]
[EventRounds "9"]
[EventCountry "GER"]
[SourceTitle "CBM 124 Extra"]
[Source "ChessBase"]
[SourceDate "2008.07.03"]
[SourceVersion "1"]
[SourceVersionDate "2008.07.03"]
[SourceQuality "1"]

1. d4 e6 2. c4 d5 3. Nc3 Nf6 4. cxd5 exd5 5. Bg5 c6 6. e3 Bd6 7. Bd3 h6 8. Bh4 0-0 9. Nge2 Nbd7 10. Qc2 Qc7 11. Bg3 Bxg3 12. hxg3 Re8 13. Nf4 Qd6 14. 0-0-0 b5 15. Rhe1 b4 16. Na4 a5 17. f3 Ba6 18. g4 Bxd3 19. Nxd3 Rab8 20. Kb1 Nb6 21. Nxb6 Rxb6 22. Qc5 Qxc5 23. Nxc5 Re7 24. Rc1 Nd7 25. Nxd7 Rxd7 26. Rc5 Ra6 27. Kc2 a4 28. Kd3 f6 29. Rec1 Rd6 30. Ke2 Re6 1/2-1/2

[Event "GER-ch U25 op"]
[Site "Willingen"]
[Date "2008.05.12"]
[Round "3"]
[White "Billing, Alexander"]
[Black "Wenninger, Philipp"]
[Result "1-0"]
[WhiteElo "1875"]
[BlackElo "1868"]
[PlyCount "73"]
[EventDate "2008.05.11"]
[EventType "swiss"]
[EventRounds "9"]
[EventCountry "GER"]
[SourceTitle "CBM 124 Extra"]
[Source "ChessBase"]
[SourceDate "2008.07.03"]
[SourceVersion "1"]
[SourceVersionDate "2008.07.03"]
[SourceQuality "1"]

1. e4 c6 2. d4 d5 3. e5 Bf5 4. g4 Be4 5. f3 Bg6 6. h4 h6 7. h5 Bh7 8. e6 Nf6 9. exf7+ Kxf7 10. Bd3 Bxd3 11. Qxd3 e6 12. g5 hxg5 13. Bxg5 Qe8 14. Qg6+ Ke7 15. Bxf6+ gxf6 16. Qg4 Nd7 17. Nd2 f5 18. Qg5+ Nf6 19. h6 Rg8 20. Qh4 Qg6 21. Ne2 Rh8 22. Nf4 Qf7 23. Qg5 Rg8 24. Qh4 Kd7 25. 0-0-0 Rh8 26. Nd3 Bd6 27. Ne5+ Bxe5 28. dxe5 Ne8 29. Rdg1 Rd8 30. Nb3 Kc8 31. Nc5 b6 32. Nd3 Rh7 33. Nf4 Nc7 34. Qf6 Rf8 35. Rg7 Qe8 36. Qg6 Rhh8 37. h7 1-0

[Event "Staufer op 20th"]
[Site "Schwaebisch Gmuend"]
[Date "2008.01.03"]
[Round "4"]
[White "Billing, Alexander"]
[Black "Schulze, Andreas"]
[Result "0-1"]
[WhiteElo "1809"]
[BlackElo "2186"]
[PlyCount "68"]
[EventDate "2008.01.02"]
[EventType "swiss"]
[EventRounds "9"]
[EventCountry "GER"]
[SourceTitle "CBM 122 Extra"]
[Source "ChessBase"]
[SourceDate "2008.03.04"]
[SourceVersion "1"]
[SourceVersionDate "2008.03.04"]
[SourceQuality "1"]

1. e4 Nf6 2. e5 Nd5 3. d4 d6 4. c4 Nb6 5. exd6 cxd6 6. Nc3 g6 7. h3 Bg7 8. Nf3 0-0 9. b3 Bf5 10. Bd3 Qd7 11. 0-0 Nc6 12. Bb2 d5 13. Bxf5 Qxf5 14. c5 Nc8 15. Re1 e6 16. Bc1 h6 17. g4 Qf6 18. g5 hxg5 19. Bxg5 Qf5 20. h4 Qg4+ 21. Kh2 Nxd4 22. Nxd4 Qxd4 23. Qxd4 Bxd4 24. Rac1 Bxf2 25. Red1 Bxc5 26. Nxd5 Bd6+ 27. Nf4 f6 28. Bh6 Re8 29. Rg1 Kh7 30. Rcf1 Ne7 31. h5 g5 32. Bxg5 fxg5 33. Rxg5 Nd5 34. Rg4 Rg8 0-1

[Event "GER-ch U25"]
[Site "Willingen"]
[Date "2007.05.30"]
[Round "7"]
[White "Billing, Alexander"]
[Black "Usov, Andreas"]
[Result "1-0"]
[WhiteElo "1809"]
[BlackElo "1273"]
[PlyCount "41"]
[EventDate "2007.05.26"]
[EventType "swiss"]
[EventRounds "9"]
[EventCountry "GER"]
[SourceTitle "CBM 118 Extra"]
[Source "ChessBase"]
[SourceDate "2007.07.04"]
[SourceVersion "1"]
[SourceVersionDate "2007.07.04"]
[SourceQuality "1"]

1. e4 e5 2. d4 exd4 3. c3 dxc3 4. Bc4 Nc6 5. Nf3 Nf6 6. 0-0 Bb4 7. e5 Ng4 8. Bxf7+ Kf8 9. bxc3 Ngxe5 10. Bd5 Be7 11. Nxe5 Nxe5 12. Qh5 Ng6 13. Re1 c6 14. Be4 Qe8 15. Ba3 Bxa3 16. Nxa3 d5 17. Bxd5 Qd7 18. Be6 Qd6 19. Qf5+ Ke7 20. Qf7+ Kd8 21. Rad1 1-0

[Event "GER-ch U25"]
[Site "Willingen"]
[Date "2007.05.27"]
[Round "2"]
[White "Billing, Alexander"]
[Black "Graudons, Karsten"]
[Result "1-0"]
[WhiteElo "1809"]
[BlackElo "2041"]
[PlyCount "61"]
[EventDate "2007.05.26"]
[EventType "swiss"]
[EventRounds "9"]
[EventCountry "GER"]
[SourceTitle "CBM 118 Extra"]
[Source "ChessBase"]
[SourceDate "2007.07.04"]
[SourceVersion "1"]
[SourceVersionDate "2007.07.04"]
[SourceQuality "1"]

1. e4 e6 2. d3 d5 3. Nd2 Nf6 4. Ngf3 c5 5. g3 Be7 6. Bg2 0-0 7. 0-0 Nc6 8. e5 Nd7 9. Re1 Qc7 10. Qe2 Nb4 11. Nf1 c4 12. d4 b5 13. Ne3 a5 14. Ng4 Nc6 15. Bf4 Qa7 16. Qd2 b4 17. c3 a4 18. Bh6 bxc3 19. bxc3 gxh6 20. Qxh6 Kh8 21. Nf6 Bxf6 22. exf6 Rg8 23. Ng5 Nf8 24. Bxd5 exd5 25. Re7 Nd8 26. Re8 Nde6 27. Re1 Nxg5 28. Qg7+ Rxg7 29. Rxf8+ Rg8 30. Rxg8+ Kxg8 31. Re8# 1-0

[Event "GER-ch internet U14 qual 01"]
[Site "Playchess.com INT"]
[Date "2007.05.20"]
[Round "2"]
[White "Billing, Alexander"]
[Black "Berchtenbreiter, Maximilian"]
[Result "0-1"]
[WhiteElo "1813"]
[BlackElo "2018"]
[PlyCount "48"]
[EventDate "2007.05.20"]
[EventType "swiss (blitz)"]
[EventRounds "7"]
[EventCountry "GER"]
[SourceTitle "EXT 2009"]
[Source "ChessBase"]
[SourceDate "2008.11.26"]
[SourceVersion "1"]
[SourceVersionDate "2008.11.26"]
[SourceQuality "1"]

1. e4 e6 2. d3 d5 3. Nd2 dxe4 4. dxe4 Nd7 5. Ngf3 b6 6. Bc4 Bb7 7. 0-0 Ngf6 8. Re1 Be7 9. b3 0-0 10. Bb2 Nc5 11. e5 Nd5 12. Bxd5 Qxd5 13. c4 Qd7 14. Qc2 Nd3 15. Re2 Nxb2 16. Qxb2 Rad8 17. Rd1 Bc5 18. b4 Qa4 19. Rde1 Qxb4 20. Qc2 Be7 21. Ne4 h6 22. Rb1 Qa5 23. Rb5 Qa6 24. Qb3 Bc6 0-1

[Event "Schwaben-chB"]
[Site "Germany"]
[Date "2006.??.??"]
[Round "4"]
[White "Billing, Alexander"]
[Black "Jussupow, Alexander"]
[Result "0-1"]
[WhiteElo "1748"]
[BlackElo "1950"]
[PlyCount "80"]
[EventDate "2006.02.??"]
[EventType "swiss"]
[EventRounds "7"]
[EventCountry "GER"]
[SourceTitle "EXT 2012"]
[Source "ChessBase"]
[SourceDate "2011.11.24"]
[SourceVersion "1"]
[SourceVersionDate "2011.11.24"]
[SourceQuality "1"]

1. e4 e6 2. d4 d5 3. e5 c5 4. c3 Nc6 5. Nf3 Bd7 6. a3 c4 7. Nbd2 Nge7 8. Be2 Na5 9. 0-0 Bc6 10. Qe1 Qd7 11. Bd1 Nf5 12. g4 Ne7 13. Nh4 Ng6 14. f4 Be7 15. Ng2 0-0-0 16. f5 Nf8 17. h4 h6 18. Ne3 Kb8 19. Bc2 Ba4 20. Bxa4 Qxa4 21. fxe6 fxe6 22. Rf7 Qe8 23. Rf3 Nd7 24. Qg3 Rf8 25. Kg2 Rxf3 26. Kxf3 Qf7+ 27. Kg2 Rf8 28. Nxd5 Bxh4 29. Qxh4 exd5 30. Qg3 Ka8 31. Qe3 Qe6 32. Kg3 g5 33. Nf3 Rf4 34. Nh2 Nb3 35. Ra2 Nf8 36. Qe1 Rf7 37. a4 a5 38. Nf3 Ng6 39. Bxg5 Rxf3+ 40. Kxf3 hxg5 0-1

[Event "Schwarzach op-C 20th"]
[Site "Schwarzach"]
[Date "2005.08.28"]
[Round "9.4"]
[White "Cade, Jean Marie"]
[Black "Billing, Alexander"]
[Result "1/2-1/2"]
[WhiteElo "1620"]
[BlackElo "1728"]
[PlyCount "27"]
[EventDate "2005.08.20"]
[EventType "swiss"]
[EventRounds "9"]
[EventCountry "AUT"]
[SourceTitle "EXT 2024"]
[Source "ChessBase"]
[SourceDate "2023.10.10"]
[SourceVersion "1"]
[SourceVersionDate "2023.10.10"]
[SourceQuality "1"]

1. d4 e6 2. Nf3 d5 3. e3 Nf6 4. c4 Be7 5. Bd3 dxc4 6. Bxc4 0-0 7. 0-0 b6 8. Nc3 Bb7 9. Qe2 c5 10. Rd1 Qc7 11. a3 Ne4 12. Bd2 Rd8 13. Nxe4 Bxe4 14. dxc5 1/2-1/2

[Event "Schwarzach op-C 20th"]
[Site "Schwarzach"]
[Date "2005.08.25"]
[Round "6.3"]
[White "Billing, Alexander"]
[Black "Colic, Almir"]
[Result "0-1"]
[WhiteElo "1728"]
[BlackElo "1575"]
[PlyCount "30"]
[EventDate "2005.08.20"]
[EventType "swiss"]
[EventRounds "9"]
[EventCountry "AUT"]
[SourceTitle "EXT 2024"]
[Source "ChessBase"]
[SourceDate "2023.10.10"]
[SourceVersion "1"]
[SourceVersionDate "2023.10.10"]
[SourceQuality "1"]

1. e4 e5 2. Nf3 Nc6 3. d4 exd4 4. Nxd4 Nxd4 5. Qxd4 b6 6. Bf4 Ne7 7. Bc4 Nc6 8. Qd5 Qf6 9. Bxc7 Bb7 10. c3 Na5 11. Qd3 Qc6 12. Bxb6 axb6 13. Bd5 Qd6 14. Qf3 Bxd5 15. exd5 Nb3 0-1

[Event "Schwarzach op-C 20th"]
[Site "Schwarzach"]
[Date "2005.08.24"]
[Round "5.5"]
[White "Pirnbacher, Klaus"]
[Black "Billing, Alexander"]
[Result "0-1"]
[WhiteElo "1598"]
[BlackElo "1728"]
[PlyCount "122"]
[EventDate "2005.08.20"]
[EventType "swiss"]
[EventRounds "9"]
[EventCountry "AUT"]
[SourceTitle "EXT 2024"]
[Source "ChessBase"]
[SourceDate "2023.10.10"]
[SourceVersion "1"]
[SourceVersionDate "2023.10.10"]
[SourceQuality "1"]

1. e4 e6 2. d4 d5 3. Nc3 Bb4 4. e5 c5 5. Nf3 cxd4 6. Qxd4 Nc6 7. Bb5 Bd7 8. Qg4 Bxc3+ 9. bxc3 Nxe5 10. Bxd7+ Nxd7 11. 0-0 Qf6 12. Bb2 Nb6 13. Nd2 Nh6 14. Qb4 Qe7 15. Qb5+ Qd7 16. Qd3 Na4 17. Ba3 Rc8 18. Bb4 b6 19. Nb1 Nc5 20. Qd4 Nf5 21. Qg4 0-0 22. Rd1 Rfd8 23. Nd2 a5 24. Bxc5 Rxc5 25. Ne4 Rc4 26. Nf6+ Kh8 27. Qxc4 gxf6 28. Qf4 Rg8 29. Rd3 Qc6 30. Rad1 Rg5 31. Qf3 Qa8 32. Kf1 Qg8 33. g3 h5 34. h4 Nxg3+ 35. fxg3 Rf5 36. Qxf5 exf5 37. Rf3 Qg4 38. Rdd3 Qe4 39. Kf2 Kg7 40. Rf4 Qh1 41. Rdf3 Qh2+ 42. Ke3 Qxc2 43. Rxf5 Qxc3+ 44. Ke2 Qc2+ 45. Kf1 Qxa2 46. Rf2 Qb1+ 47. Kg2 Qe4+ 48. R2f3 Qc2+ 49. Kh3 Qc8 50. Kg2 Qe6 51. Kf2 Kg6 52. R5f4 b5 53. Re3 Qb6 54. Ke2 b4 55. g4 hxg4 56. Rxg4+ Kf5 57. Rg7 b3 58. Rf3+ Ke4 59. Rg4+ Ke5 60. Rgg3 b2 61. Re3+ Kd6 0-1

[Event "GER-ch U12"]
[Site "Willingen"]
[Date "2005.05.21"]
[Round "11"]
[White "Schiffner, Kevin"]
[Black "Billing, Alexander"]
[Result "0-1"]
[WhiteElo "1429"]
[BlackElo "1728"]
[PlyCount "70"]
[EventDate "2005.05.14"]
[EventType "swiss"]
[EventRounds "11"]
[EventCountry "GER"]
[SourceTitle "CBM 106 Extra"]
[Source "ChessBase"]
[SourceDate "2005.07.01"]
[SourceVersion "1"]
[SourceVersionDate "2005.07.01"]
[SourceQuality "1"]

1. e4 e6 2. d4 d5 3. exd5 exd5 4. Bd3 Bd6 5. Nc3 Ne7 6. Nge2 c6 7. Bf4 0-0 8. Qd2 b5 9. Bxd6 Qxd6 10. Nf4 Re8 11. Nce2 Bf5 12. 0-0-0 a5 13. Bxf5 Nxf5 14. g4 Ne7 15. h4 b4 16. g5 a4 17. h5 b3 18. a3 Nd7 19. Qd3 Reb8 20. c3 Nb6 21. Qg3 Nc4 22. Nd3 Nf5 23. Qxd6 Nfxd6 24. Nb4 Re8 25. Rhe1 Ne4 26. Ng3 Nxf2 27. Rxe8+ Rxe8 28. Rf1 Re6 29. Nf5 Kf8 30. Nh4 Re2 31. Nf3 Rxb2 32. Re1 Ne4 33. Ne5 Rc2+ 34. Nxc2 b2+ 35. Kb1 Nxc3# 0-1

[Event "GER-ch U12"]
[Site "Willingen"]
[Date "2005.05.18"]
[Round "7"]
[White "Billing, Alexander"]
[Black "Lauer, Florian"]
[Result "1-0"]
[WhiteElo "1728"]
[BlackElo "1382"]
[PlyCount "95"]
[EventDate "2005.05.14"]
[EventType "swiss"]
[EventRounds "11"]
[EventCountry "GER"]
[SourceTitle "CBM 106 Extra"]
[Source "ChessBase"]
[SourceDate "2005.07.01"]
[SourceVersion "1"]
[SourceVersionDate "2005.07.01"]
[SourceQuality "1"]

1. e4 c5 2. Nc3 Nc6 3. g3 g6 4. d3 Bg7 5. Bg2 d6 6. Be3 Qa5 7. Qd2 Nd4 8. f4 e6 9. Nf3 Ne7 10. 0-0 0-0 11. Nd5 Qxd2 12. Nxe7+ Kh8 13. Bxd2 Bd7 14. c3 Nxf3+ 15. Rxf3 Rfe8 16. f5 exf5 17. exf5 Rxe7 18. f6 Re2 19. fxg7+ Kxg7 20. Rf2 Rxf2 21. Kxf2 Bf5 22. d4 Kf6 23. Bf4 cxd4 24. cxd4 Ke7 25. Re1+ Kd7 26. Bg5 Re8 27. Rxe8 Kxe8 28. Bxb7 Kd7 29. Bd5 Be6 30. Bxe6+ fxe6 31. Ke3 a6 32. Kd3 Kc6 33. Kc4 d5+ 34. Kb4 Kb6 35. Bd8+ Kc6 36. Ka5 Kb7 37. Bb6 Kc6 38. Kxa6 Kd6 39. Bc5+ Kd7 40. b4 h5 41. b5 g5 42. b6 e5 43. dxe5 d4 44. Bxd4 h4 45. b7 hxg3 46. hxg3 g4 47. b8Q Kc6 48. Qd6# 1-0